000 00345nam a2200121Ia 4500
008 230907s9999||||xx |||||||||||||| ||und||
082 _a305.2
_bSAN
100 _aSantrock, John W.
_9113214
245 2 _aA topical approach to lifespan development /
260 _aMcGraw-Hill,
_bNew York :
_c2012
300 _axlviii, 585 [115] p. :
942 _cBK
999 _c601162
_d601162